000 00594nam a2200181 4500
001 148360
003 ES-MaACL
005 20230906202600.0
007 t|
008 070214s1967 sp r ||||1| spa d
100 1 _aStefanic-Allmayer, Karl.
_9107994
245 1 0 _aOrganización práctica de oficinas /
_cKarl Stefanic-Allmayer, Robert Zeegers ; traducción de P. Casanova de Massot.
260 _aMadrid :
_bDaimon,
_c1967.
300 _a244 p. :
_bil. ;
_c19 cm.
700 1 _aZeegers, Robert.
_9118139
700 1 _aCasanova de Massot, P.
_936111
852 _aES-MaACL
_jC-33309
_bR.64140
999 _c148360
_d148360